Estados Unidos y los conflictos internacionales

में बचाया:
ग्रंथसूची विवरण
निगमित लेखक: IEPALA
स्वरूप: मूलपाठ
प्रकाशित: Madrid: Fundamentos
टैग: टैग जोड़ें
कोई टैग नहीं, इस रिकॉर्ड को टैग करने वाले पहले व्यक्ति बनें!

MARC

LEADER 00000 a a2200000 04500
001 25497
003
040 |a CRAI/IIS  |c CRAI/IIS 
020 |a 84-85436-24-9  
090 |a 152803  
110 |a IEPALA  
245 |a Estados Unidos y los conflictos internacionales  
260 |a Madrid:   |b Fundamentos  
300 |a 210 p.  
999 |c 17044  |d 17044